000
00272nam a2200109Ia 4500
008
220204s9999 xx 000 0 und d
082
_a
301
_b
ROB
100
_a
Roberts, N
245
0
_a
Use of social sciences literature
260
_a
London
_b
Butterworths
_c
1977
942
_c
BK
999
_c
25181
_d
25181